| 000 | 00663cab a2200193 4500 | ||
|---|---|---|---|
| 001 | L129679 | ||
| 008 | 050510n2005 000 0 eng u | ||
| 035 | _a(Sirsi) u129679 | ||
| 041 | _aeng | ||
| 110 |
_aFederation of Master Builders _9465 |
||
| 245 | _aFMB calls for ASBOs to tackle bogus calls | ||
| 260 | _c2005 | ||
| 490 |
_aFMB Press Release _v24 April 2005 |
||
| 520 | _aItem not found when searched for online 12/9/2011. | ||
| 650 | _aANTI-SOCIAL BEHAVIOUR ORDERS | ||
| 690 | _aBUILT ENVIRONMENT-BUILDING TRADES | ||
| 856 |
_uhttps://www.fmb.org.uk/press/fmbnews/240405.asp _zView the press release free of charge at www.fmb.org.uk... |
||
| 942 | _n0 | ||
| 999 |
_c75211 _d75211 |
||